Les arrêts de la ligne de Tram 7 à Bruxelles - Statistiques

Statistiques générales
  • Ce quiz a été pris 135 fois
  • Le résultat moyen est 16 sur 35
Statistiques - réponses
Réponse % Correct
Vanderkindere
81%
Montgomery
76%
Arsenal
71%
Churchill
66%
Churchill
66%
Churchill
66%
Diamant
66%
Petillon
66%
VUB
64%
Buyl
61%
Heyzel
56%
Meiser
56%
Cambre-Etoile
51%
Boileau
47%
De wand
47%
Legrand
47%
Georges Henri
44%
Longchamp
44%
Chazal
42%
Araucaria
39%
Bascule
39%
Demolder
39%
Leopold III
36%
Roffian
36%
Cavell
32%
Hopital Paul Brien
32%
Buissonets
29%
Gossart
29%
Docks Bruxsel
27%
Heembeek
25%
Heliotropes
25%
Saint-Lambert
25%
Eterbeek Gare
22%
Louis Bertrand
22%
Princesse Elizabeth
15%
Aucun quiz correspondant
Distribution des résultats
% des personnes avec chaque résultat
Percentile par nombre de réponses
Votre historique - résultats
Vous n’avez pas pris ce quiz